[Event "35th Nezhmetdinov Cup"]
[Site "Kazan RUS"]
[Date "2013.05.31"]
[Round "1.10"]
[White "Esipenko,Andrey"]
[Black "Vorobiov,E"]
[Result "1/2-1/2"]
[WhiteElo "2191"]
[BlackElo "2583"]

1.e4 c5 2.Nf3 e6 3.d4 cxd4 4.Nxd4 Nc6 5.Nc3 Qc7 6.Nxc6 bxc6 7.Bd3 Nf6 8.O-O Be7
9.Qe2 d6 10.b3 O-O 11.Bb2 e5 12.Na4 Bg4 13.f3 Be6 14.c4 Nh5 15.g3 Nf6 16.Rac1 Nd7
17.Rc2 Rfe8 18.Bc1 Qb7 19.Be3 Bf8 20.Rd1 a5 21.Qd2 Red8 22.Bf1 Be7 23.Bg2 Nc5
24.Nb2 a4 25.b4 a3 26.bxc5 axb2 27.Rxb2 Qa6 28.Qb4 dxc5 29.Rxd8+ Rxd8 30.Bxc5 Bxc5+
31.Qxc5 Bxc4 32.h4 Bxa2 33.Qxe5 Qa7+ 34.Kh2 h6 35.Rc2 Be6 36.Qc5 Qxc5 37.Rxc5 Bd7
38.f4 Rb8 39.e5 Rb2 40.Kg1 Rb3 41.Kf2 Bf5 42.Bxc6 Rb2+ 43.Ke1 Rb3 44.Kf2 Rb2+
45.Ke1  1/2-1/2

[Event "6th Mayors Cup 2013"]
[Site "Mumbai IND"]
[Date "2013.05.31"]
[Round "4"]
[White "Hossain,Enam"]
[Black "Himanshu,Sh"]
[Result "1/2-1/2"]
[WhiteElo "2487"]
[BlackElo "2401"]

1.e4 c5 2.Nf3 e6 3.d4 cxd4 4.Nxd4 Nc6 5.Nc3 Qc7 6.Be2 a6 7.O-O Nf6 8.Be3 Be7
9.f4 d6 10.Qe1 O-O 11.Qg3 Bd7 12.Kh1 Nxd4 13.Bxd4 Bc6 14.Rae1 b5 15.a3 Rad8
16.Bd3 Qb7 17.Qh3 g6 18.f5 e5 19.Be3 Rfe8 20.Bh6 a5 21.b4 axb4 22.axb4 Nh5
23.Qg4 Bf6 24.Nd5 Bxd5 25.exd5 Qd7 26.Re4 Nf4 27.Bxf4 exf4 28.Rexf4 g5 29.R4f3 Kg7
30.Rh3 h6 31.Qh5 Rh8 32.Re3 Qb7 33.Qf3 Rde8 34.Ree1 Rxe1 35.Rxe1 Ra8 36.Qe2 Ra4
37.Rb1 Qxd5 38.Bxb5 Qa2 39.Qf1 Qxb1 40.Qxb1 Ra1 41.Qxa1 Bxa1 42.Bc4 h5 43.Kg1 Kf6
44.Kf2 Bc3 45.b5 Bd4+ 46.Ke2 Kxf5 47.Bxf7 h4 48.h3 Ke5 49.Kf3 Bc5 50.Kg4 Kf6
51.Bd5 Bb6 52.Bc6 Bc5 53.Kf3 Ke5  1/2-1/2

[Event "Icelandic Open Championship 2013"]
[Site "Reykjavik ISL"]
[Date "2013.05.31"]
[Round "1.8"]
[White "Hauksdottir,Hrund"]
[Black "Bjornsson,Si"]
[Result "0-1"]
[WhiteElo "1680"]
[BlackElo "2397"]

1.e4 c5 2.Nf3 e6 3.d4 cxd4 4.Nxd4 Nc6 5.Nc3 Qc7 6.Be3 a6 7.Bd3 Nf6 8.O-O Ne5
9.f3 Bc5 10.Bf2 b5 11.Qd2 Bb7 12.Qg5 Ng6 13.Rad1 O-O 14.Nde2 Bxf2+ 15.Rxf2 b4
16.Nb1 d5 17.exd5 Nxd5 18.Nd2 Rac8 19.Ne4 Rfd8 20.Qh5 Qe5 21.Ng5 Nf6 22.f4 Qe3
23.Qh3 Qxh3 24.Nxh3 Ng4 25.Rdf1 Nxf2 26.Nxf2 Nh4 27.Ne4 f5 28.Ng5 Bxg2 29.Rf2 Bd5
30.Nd4 Rd6 31.Re2 Bxa2 32.Ndxe6 h6 33.b3 hxg5  0-1

[Event "Icelandic Open Championship 2013"]
[Site "Reykjavik ISL"]
[Date "2013.05.31"]
[Round "1.2"]
[White "Kristinardottir,E"]
[Black "Gretarsson,Hj"]
[Result "0-1"]
[WhiteElo "1785"]
[BlackElo "2516"]

1.e4 c5 2.Nf3 e6 3.Nc3 Nc6 4.d4 cxd4 5.Nxd4 Qc7 6.Be2 a6 7.O-O Nf6 8.Nxc6 bxc6
9.f4 d5 10.e5 Nd7 11.Kh1 Be7 12.Qe1 Bb7 13.Qg3 g6 14.Na4 c5 15.c4 d4 16.Bf3 h5
17.Bxb7 Qxb7 18.Qf3 Rb8 19.Qxb7 Rxb7 20.Bd2 Nb8 21.Ba5 O-O 22.Rf3 Rc8 23.Rd1 Nc6
24.Be1 Kg7 25.Rdd3 g5 26.g3 Kg6 27.Rb3 Rcb8 28.Rxb7 Rxb7 29.Kg2 gxf4 30.gxf4 Kf5
31.b3 Rb8 32.Nb2 Rg8+ 33.Kf1 Ke4 34.Rg3 Rxg3 35.hxg3 Ke3 36.a3 a5 37.Nd1+ Kd3
38.Nf2+ Kc2  0-1

[Event "Grand Europe Open Albena"]
[Site "Albena BUL"]
[Date "2013.06.01"]
[Round "1.38"]
[White "Drogovoz,I"]
[Black "Arsovic,Z"]
[Result "0-1"]
[WhiteElo "2001"]
[BlackElo "2433"]

1.Nf3 c5 2.e4 e6 3.d4 cxd4 4.Nxd4 Nc6 5.Nc3 Qc7 6.Be3 Nf6 7.a3 Be7 8.g4 h5
9.gxh5 Nxh5 10.Qd2 a6 11.Be2 b5 12.Nb3 b4 13.axb4 Bxb4 14.Bc5 Rb8 15.Qg5 g6
16.O-O-O Qf4+ 17.Qxf4 Nxf4 18.Bxb4 Rxb4 19.Bf1 Rh5 20.Ne2 Nxe2+ 21.Bxe2 Rh4
22.f3 Ke7 23.Nc5 a5 24.c3 Rb8 25.Kc2 d6 26.Nb3 Bb7 27.Ra1 Rh5 28.h3 Rbh8
29.Bf1 Ne5 30.Rxa5 Kf6 31.Ra7 Ba8 32.Be2 Bc6 33.Nd4 Rxh3 34.Rxh3 Rxh3 35.Ra6 Rh2
36.Kd1 Be8 37.f4 Nd7 38.Rxd6 Nc5 39.e5+ Ke7 40.Nc6+ Bxc6 41.Rxc6 Na4 42.b4 Rf2
43.b5 Kd7 44.Kd2 Rxf4 45.c4 Rf5 46.c5 Rxe5 47.Rd6+ Ke7 48.b6 Nxc5 49.Rc6 Rd5+
50.Ke3 Nd7 51.b7 Rd6 52.Rc7 Rb6 53.Bf3 Kd6 54.Rc8 Rb3+ 55.Kf2 Rb6 56.Ke3 g5
57.Rg8 f6 58.Kf2 Rb2+ 59.Kg3 Rb3 60.Kf2  0-1

[Event "OKU Open A 2013"]
[Site "Maarssen NED"]
[Date "2013.06.01"]
[Round "4.4"]
[White "Van Foreest,Jorden"]
[Black "Hommerson,P"]
[Result "1-0"]
[WhiteElo "2227"]
[BlackElo "2248"]

1.e4 c5 2.Nf3 e6 3.d4 cxd4 4.Nxd4 Nc6 5.Nc3 Qc7 6.Be3 a6 7.Qd2 Nf6 8.O-O-O Bb4
9.f3 Ne7 10.Nde2 d5 11.Bg5 dxe4 12.Bxf6 gxf6 13.Qd4 exf3 14.Qxb4 fxe2 15.Bxe2 f5
16.Bf3 Nc6 17.Qh4 Bd7 18.Rhe1 O-O 19.Qg5+ Kh8 20.Qf6+ Kg8 21.Bxc6 Bxc6 22.Rd3 Rfd8
23.Rg3+ Kf8 24.Rg7  1-0

[Event "6th Mayors Cup 2013"]
[Site "Mumbai IND"]
[Date "2013.06.01"]
[Round "5"]
[White "Karthikeyan,P2"]
[Black "Malakhatko,V"]
[Result "1/2-1/2"]
[WhiteElo "2415"]
[BlackElo "2552"]

1.e4 c5 2.Nf3 e6 3.d4 cxd4 4.Nxd4 Nc6 5.Nc3 Qc7 6.Be3 a6 7.Qd2 Nf6 8.O-O-O Be7
9.f3 h5 10.Qf2 d6 11.h3 b5 12.Kb1 h4 13.g4 hxg3 14.Qxg3 g6 15.Nxc6 Qxc6 16.e5 Nh5
17.Qg1 Bb7 18.exd6 Bxd6 19.Ne4 Be7 20.Bg5 Qc7 21.Bxe7  1/2-1/2

[Event "Grand Europe Open Albena"]
[Site "Albena BUL"]
[Date "2013.06.02"]
[Round "2.8"]
[White "Spasov,V"]
[Black "Cvetkovic,Sr"]
[Result "1-0"]
[WhiteElo "2565"]
[BlackElo "2387"]

1.e4 c5 2.Nf3 e6 3.d4 cxd4 4.Nxd4 Nc6 5.Nc3 a6 6.Nxc6 bxc6 7.Bd3 d5 8.O-O Nf6
9.Re1 Be7 10.e5 Nd7 11.Qg4 g6 12.Na4 Qa5 13.Bh6 Qb4 14.Qxb4 Bxb4 15.c3 Be7
16.b4 Bf8 17.Bxf8 Rxf8 18.c4 Rb8 19.a3 Ke7 20.Rac1 Bb7 21.f4 Rfc8 22.Kf2 a5
23.cxd5 cxd5 24.b5 d4 25.g3 Bd5 26.Rxc8 Rxc8 27.Rb1 Nc5 28.Nxc5 Rxc5 29.b6 Bb7
30.Ke2 Rc3 31.a4 Kd8 32.Rb5 Ra3 33.Rxa5 Ra2+ 34.Ke1 Rb2 35.Rb5 Rxh2 36.a5 Ra2
37.Rc5 Ra1+ 38.Kd2 Ra2+ 39.Kc1 Ra3 40.a6 Bxa6 41.Bxa6 Ra1+ 42.Kd2  1-0

[Event "35th Nezhmetdinov Cup"]
[Site "Kazan RUS"]
[Date "2013.06.02"]
[Round "3.32"]
[White "Kungurov,Andrei"]
[Black "Odnorozhenko,E"]
[Result "1/2-1/2"]
[WhiteElo "2054"]
[BlackElo "2319"]

1.e4 c5 2.Nc3 e6 3.Nf3 Nc6 4.d4 cxd4 5.Nxd4 Nf6 6.Ndb5 d6 7.Bf4 e5 8.Nd5 Nxd5
9.exd5 exf4 10.dxc6 bxc6 11.Qf3 Bd7 12.Qe4+ Be7 13.Nxd6+ Kf8 14.O-O-O Qc7
15.Bc4 Bxd6 16.Qd4 Be7 17.Qxd7 Qxd7 18.Rxd7 f3 19.gxf3 h5 20.Re1 Re8 21.Re4 g5
22.h3 Rh6 23.Rxa7 Rf6 24.Be2 Bc5 25.Rxe8+ Kxe8 26.Rb7 Bxf2 27.a4 Re6 28.Kd1 Rd6+
29.Bd3 Rd7 30.Rb8+ Rd8 31.Rb7 Rd7 32.Rb8+ Rd8 33.Rxd8+ Kxd8 34.b4 Kc7 35.c3 f6
36.Bg6 h4 37.Ke2 Bg3 38.Kd3 Be1 39.Kc4 Bd2 40.Kb3 Be1 41.Be4 Bd2 42.Kc2 Be1
43.Kd3 Bf2 44.Bg6 Be1 45.Be8 Bf2 46.Kc4 Be1 47.Kb3 Bd2 48.Kc2 Be1 49.Kd3 Bf2
50.Ke2 Bg1 51.Bh5 Kd6 52.Bg6 Kc7 53.Be8 Kb7 54.a5 Kc7 55.Bh5 Kb7 56.Bg6 Kc7
57.Be8 Kb7 58.Bg6 Kc7 59.Be4 Bh2 60.Kd3 Bg3 61.Kc4 Be1 62.a6 Bf2 63.b5 cxb5+
64.Kxb5 Kd6 65.c4 Be3 66.Bg6 Bf2 67.Be8 Be3 68.Bg6 Bf2 69.Be8 Be3 70.Kb4 Bf2
71.Kc3 Ke5 72.Bd7 Bc5 73.Kb3 Kd6 74.Bc8 Bd4 75.Kc2 Ke5 76.Kd3 Bc5 77.Bd7 Ba7
78.Kc3 Bc5 79.Kb3 Kd6 80.Bg4 Ke5 81.Ka4 Kd6 82.Ka5 Ba7 83.Bh5 Kc5 84.Bf7 Bb6+
85.Ka4 Kd6 86.Kb3 Bc5 87.Kc2 Ke5 88.Kd2 f5 89.Ke2 f4 90.Bh5 Kd4 91.Bf7 Ke5
92.Bd5 Ba7 93.Bb7 Bc5 94.Kd3 Ba7 95.Bc8 Bc5 96.Kc3 Kd6 97.Kb3 Bg1 98.Kb4 Ba7  1/2-1/2

[Event "OKU Open A 2013"]
[Site "Maarssen NED"]
[Date "2013.06.02"]
[Round "6.5"]
[White "Boelhouwer,Collin"]
[Black "Hommerson,P"]
[Result "1-0"]
[WhiteElo "2101"]
[BlackElo "2248"]

1.e4 c5 2.Nf3 e6 3.d4 cxd4 4.Nxd4 Nc6 5.Nc3 Qc7 6.Nxc6 bxc6 7.Bd3 Nf6 8.O-O Be7
9.Bg5 d5 10.exd5 cxd5 11.Re1 O-O 12.Qf3 Rb8 13.Bf4 Bd6 14.Nb5 Rxb5 15.Bxd6 Qxd6
16.Bxb5 e5 17.Qe3 Ng4 18.Qg3 f6 19.Ba4 Nh6 20.Rad1 Bg4 21.f3 Be6 22.Bb3 Nf5
23.Qf2 d4 24.g4 Bxb3 25.axb3 Ne7 26.Ra1 f5 27.Qe2 Ng6 28.Rxa7 fxg4 29.fxg4 Nf4
30.Qc4+ Kh8 31.Rf7 Rg8 32.Rf1 Qb6 33.Qc7 Qg6 34.R7xf4 exf4 35.Rxf4 d3 36.cxd3 Qxd3
37.Qc3 Qd1+ 38.Kg2 Rd8 39.Qf3 Qd6 40.b4 g5 41.Qc3+ Kg8 42.Rf5 Qe7 43.Qe5 Rd2+
44.Kf3 Qxe5 45.Rxe5 h6 46.b5 Rxb2 47.Ke4 Kf7 48.h3 Rb4+ 49.Kd3 Kf6 50.Rc5 Rb3+
51.Kc4 Rxh3 52.b6 Rh1 53.b7 Rc1+ 54.Kd5 Rb1 55.Kc6 Rxb7 56.Kxb7 h5 57.gxh5 g4
58.Kc6 g3 59.Kd6 g2 60.Rc1 Kg5 61.Rg1  1-0

[Event "Mitropa Cup Women 2013"]
[Site "Meissen GER"]
[Date "2013.06.02"]
[Round "2.1"]
[White "Wozniak,Mari"]
[Black "Purgar,I"]
[Result "1/2-1/2"]
[WhiteElo "1983"]
[BlackElo "2123"]

1.e4 c5 2.Nf3 e6 3.d4 cxd4 4.Nxd4 Nc6 5.Nc3 a6 6.Be2 Qc7 7.O-O Nf6 8.Be3 b5
9.Nxc6 dxc6 10.a3 Be7 11.f4 O-O 12.Bf3 e5 13.f5 Rd8 14.Qe2 Bb7 15.Qf2 c5
16.Kh1 Rd7 17.Rae1 Rc8 18.g4 b4 19.g5 bxc3 20.gxf6 Bxf6 21.bxc3 Qa5 22.Rg1 Kh8
23.Bg5 Bxg5 24.Rxg5 f6 25.Rh5 Qxc3 26.Rg1 Rcd8 27.Qg2 Qe3 28.Rh4 h6 29.Rg4 Rg8
30.Be2 Qd4 31.Rh4 Qd2 32.h3 Rgd8 33.Rg4 Rg8 34.Rd1 Qxd1+ 35.Bxd1 Rxd1+ 36.Kh2 Rd4
37.c3 Rd3 38.Qb2 Bc6 39.Qb6 Bb5 40.Qxc5 Rd2+ 41.Rg2 Rd1 42.Qb4 Bf1 43.Rf2 Rgd8
44.Qa4  1/2-1/2

[Event "6th Mayors Cup 2013"]
[Site "Mumbai IND"]
[Date "2013.06.02"]
[Round "7"]
[White "Petrosian,DG"]
[Black "Malakhatko,V"]
[Result "1-0"]
[WhiteElo "2436"]
[BlackElo "2552"]

1.e4 c5 2.Nf3 Nc6 3.d4 cxd4 4.Nxd4 e6 5.Nc3 Qc7 6.Be3 a6 7.Qf3 Nxd4 8.Bxd4 Ne7
9.Qg3 Qxg3 10.hxg3 b5 11.Bc5 Nc6 12.Bxf8 Kxf8 13.a4 b4 14.Nd1 Bb7 15.Ne3 Ke7
16.O-O-O d6 17.Rh5 Rad8 18.Nc4 g6 19.Rh6 a5 20.Be2 d5 21.exd5 Rxd5 22.Rxd5 exd5
23.Nd2 Nd4 24.Bf3 Bc6 25.b3 Bb7 26.Rh4 Nf5 27.Rh1 Nd4 28.Bd1 Kd6 29.Nf3 Ne6
30.Rh6 Ba6 31.Kd2 Nc5 32.Be2 Ne4+ 33.Ke1 Bxe2 34.Kxe2 Re8 35.Kf1 Rc8 36.Ne1 Nf6
37.f3 d4 38.Rh4 Ke5 39.Ke2 h5 40.Nd3+ Kd5 41.Kd2 g5 42.Rh1 Re8 43.Nb2 g4
44.Nc4 Rg8 45.Re1 gxf3 46.Re5+ Kc6 47.gxf3 Rxg3 48.Rf5 Nd7 49.Nxa5+ Kd6 50.Nc4+ Ke6
51.Rxh5 Rxf3 52.a5 Rf1 53.Rh4 Ne5 54.Rxd4 Nf3+ 55.Ke2 Nxd4+ 56.Kxf1 Kd7 57.Ne3 Kc6
58.Ke1 Kb5 59.Kd2 Nc6 60.Nc4 f5 61.Ke3 f4+ 62.Kxf4 Nd4 63.Ne3 Kxa5 64.Ke4 Nc6
65.Kd5 Kb5 66.Nf5 Nb8 67.Nd4+ Kb6 68.Kc4 Ka5 69.Nf5 Nd7 70.Nd6 Ne5+ 71.Kc5 Nd7+
72.Kc4 Ne5+ 73.Kd5 Nd7 74.Nf5 Nf6+ 75.Kc6 Ng4 76.Nd4 Ne5+ 77.Kd6  1-0

[Event "Icelandic Open Championship 2013"]
[Site "Reykjavik ISL"]
[Date "2013.06.02"]
[Round "4.3"]
[White "Bjornsson,Si"]
[Black "Kristjansson,St"]
[Result "1/2-1/2"]
[WhiteElo "2397"]
[BlackElo "2494"]

1.e4 c5 2.Nf3 e6 3.d4 cxd4 4.Nxd4 Nc6 5.Nc3 Qc7 6.Be3 a6 7.Qd2 Nf6 8.O-O-O Nxd4
9.Bxd4 e5 10.Be3 Bb4 11.f3 d6 12.a3 Bxc3 13.Qxc3 Qxc3 14.bxc3 Ke7 15.c4 Nd7
16.g3  1/2-1/2

[Event "Grand Europe Open Albena"]
[Site "Albena BUL"]
[Date "2013.06.03"]
[Round "3.40"]
[White "Sukandar,I"]
[Black "Mishkovski,L"]
[Result "1-0"]
[WhiteElo "2364"]
[BlackElo "2066"]

1.e4 c5 2.Nf3 e6 3.d4 cxd4 4.Nxd4 Nc6 5.Nc3 Qc7 6.Be3 a6 7.Bd3 Nf6 8.O-O Nxd4
9.Bxd4 Bc5 10.Bxc5 Qxc5 11.Kh1 b5 12.Qe1 d6 13.f4 Nd7 14.Qg3 O-O 15.Rae1 b4
16.Nd1 e5 17.Qh4 Nf6 18.Ne3 Be6 19.f5 Bxa2 20.g4 d5 21.g5 Nxe4 22.f6 Rfe8
23.fxg7 Ra7 24.Ng4 Re6 25.Rxe4 dxe4 26.Bxe4 Rg6 27.Nf6+ Kxg7 28.Qxh7+ Kf8
29.Qh8+ Ke7 30.Qe8+ Kd6 31.Qd8+ Ke6 32.Bf5+  1-0

[Event "Icelandic Open Championship 2013"]
[Site "Reykjavik ISL"]
[Date "2013.06.03"]
[Round "5.23"]
[White "Magnusdottir,Veronika Steinunn"]
[Black "Ulfljotsson,Jon"]
[Result "0-1"]
[WhiteElo "1576"]
[BlackElo "1806"]

1.e4 c5 2.Nf3 e6 3.d4 cxd4 4.Nxd4 Nc6 5.Nc3 a6 6.Be3 Bb4 7.Qd2 Nf6 8.f3 Qc7
9.Nxc6 bxc6 10.O-O-O d5 11.a3 Ba5 12.Qd3 Bb7 13.g4 c5 14.g5 c4 15.Qd4 e5
16.Qc5 Qxc5 17.Bxc5 Nd7 18.Bd6 d4 19.Na4 Rc8 20.Bh3 Bc7 21.Nc5 Nxc5 22.Bxc5 Rd8
23.Bf5 Bd6 24.Bb6 Rb8 25.Ba7 Ra8 26.Bb6 Rb8 27.Ba5 Bc6 28.c3 Ba4 29.Rd2 d3
30.Bb4 Bxb4 31.axb4 a5 32.bxa5 Ra8 33.Rg2 Rxa5 34.Kd2 Bc2 35.Rgg1 Ke7 36.Ra1 Rha8
37.Rxa5 Rxa5 38.Bxh7 Ra2 39.g6 fxg6 40.Bxg6 Rxb2 41.Ra1 Bb3+  0-1

[Event "Icelandic Open Championship 2013"]
[Site "Reykjavik ISL"]
[Date "2013.06.03"]
[Round "5.21"]
[White "Kolka,Dawid"]
[Black "Hardarson,Jon Trausti"]
[Result "1/2-1/2"]
[WhiteElo "1657"]
[BlackElo "1907"]

1.e4 c5 2.Nf3 e6 3.Nc3 Nc6 4.d4 cxd4 5.Nxd4 Qc7 6.a3 a6 7.Be2 Nf6 8.Be3 Be7
9.O-O O-O 10.h3 b5 11.Qd2 Bb7 12.Nxc6 Bxc6 13.Bf3 d6 14.Rfe1 Rfd8 15.Rad1 Rac8
16.Bf4 Qb7 17.Qe3 b4 18.axb4 Qxb4 19.Rb1 d5 20.exd5 Nxd5 21.Nxd5 Bxd5 22.Bxd5 Rxd5
23.c3 Qb5 24.Qe2 Qb7 25.Rbd1 Rf5 26.Bg3 Rb5 27.Rd2 Bg5 28.Rc2 Rd8 29.b4 Rbd5
30.Qe4 Qb6 31.Bh4 Bxh4 32.Qxh4 a5 33.bxa5 Qxa5 34.Qb4 Qc7 35.Qg4 Rd3 36.c4 R3d4
37.Qe2 Qf4 38.c5 Rd2 39.Rxd2 Rxd2 40.Qe3 Qxe3 41.Rxe3 Rc2 42.Rb3 f5 43.Rb8+ Kf7
44.Rc8  1/2-1/2

[Event "43rd Open A Bosna 2013"]
[Site "Sarajevo BIH"]
[Date "2013.06.03"]
[Round "4.10"]
[White "Nestorovic,L"]
[Black "Jakovljevic,Vlado"]
[Result "1-0"]
[WhiteElo "2380"]
[BlackElo "2440"]

1.e4 c5 2.Nf3 e6 3.d4 cxd4 4.Nxd4 Nc6 5.Nc3 a6 6.Be3 Nf6 7.Bd3 d5 8.exd5 exd5
9.h3 Be7 10.Qf3 Ne5 11.Qe2 Nxd3+ 12.Qxd3 O-O 13.O-O-O Be6 14.Nf5 Rc8 15.Bd4 Bc5
16.Be5 Re8 17.Nxg7 Kxg7 18.Qg3+ Kh8 19.Nxd5 Bxd5 20.Rxd5 Qe7 21.Qg5 Rc6 22.Rxc5 Re6
23.Re1 Rg8 24.Qh6 Rxg2 25.Rc8+ Rg8 26.Rxg8+ Kxg8 27.Rg1+  1-0

[Event "Grand Europe Open Albena"]
[Site "Albena BUL"]
[Date "2013.06.04"]
[Round "4.25"]
[White "Ziaziulkina,N"]
[Black "Molina,Rob"]
[Result "0-1"]
[WhiteElo "2330"]
[BlackElo "2423"]

1.e4 c5 2.Nf3 e6 3.d4 cxd4 4.Nxd4 Nc6 5.Nc3 Qc7 6.Be2 a6 7.Be3 Nf6 8.a3 Be7
9.f4 d6 10.Qd3 O-O 11.O-O-O Rd8 12.g4 Ne5 13.fxe5 dxe5 14.Ndb5 axb5 15.Qxb5 Bd7
16.Qb6 Qc8 17.g5 Ne8 18.Rd3 Bc6 19.Rhd1 Rxd3 20.Rxd3 Nd6 21.Qc5 Nf5 22.Qxe5 Nxe3
23.Rxe3 Qd8 24.Kb1 Bxg5 25.Rg3 Bf6 26.Qf4 Qd4 27.Rf3 Qe5 28.Qxe5 Bxe5 29.h3 g5
30.Bb5 h5 31.Bxc6 bxc6 32.Ne2 Kg7 33.b4 Kg6 34.c4 f5 35.exf5+ exf5 36.Kc2 g4
37.Re3 Kf6 38.hxg4 fxg4 39.Ng3 Bxg3 40.Rxg3 Kf5 41.Kd2 h4 42.Re3 h3  0-1

[Event "Grand Europe Open Albena"]
[Site "Albena BUL"]
[Date "2013.06.04"]
[Round "4.39"]
[White "Guempel,V"]
[Black "Arsovic,Z"]
[Result "1-0"]
[WhiteElo "2212"]
[BlackElo "2433"]

1.e4 c5 2.Nf3 e6 3.d4 cxd4 4.Nxd4 Nc6 5.Nc3 Qc7 6.g3 a6 7.Bg2 Nf6 8.O-O d6
9.b3 Be7 10.Bb2 O-O 11.Rc1 Rd8 12.Qd2 Bd7 13.Nd1 Rac8 14.Ne3 Qb8 15.c4 b5
16.Rfe1 Nxd4 17.Bxd4 Ne8 18.Qa5 Rc6 19.e5 dxe5 20.Bxc6 exd4 21.Bxd7 dxe3
22.Bc6 exf2+ 23.Kxf2 Nf6 24.Kg2 bxc4 25.Rxc4 h5 26.Bf3 Nd5 27.Re2 Qa7 28.Bxd5 Rxd5
29.Qc7 Qxc7 30.Rxc7 Bc5 31.Rc2 Bb4 32.Ra7 a5 33.Rc8+ Kh7 34.Rxf7 Kg6 35.Rf2 Bc5
36.Re2 Kf5 37.Rc7 g5 38.Rf7+ Kg6 39.Rb7 Rd6 40.Rb5 Bb6 41.h4 gxh4 42.gxh4 Bd8
43.Rbe5 Rd4 44.Rxe6+ Kf5 45.R6e5+ Kg6 46.R5e4 Rd3 47.Rc2 Kf5 48.Ree2 Bxh4
49.Rc5+ Kg6 50.Rxa5 Bf6 51.Re6 Kf7 52.Rc6 Rd2+ 53.Kf1 Bd4 54.Rd5 h4 55.Rc4 Rf2+
56.Ke1 h3 57.Rcxd4 h2 58.Rh5 Rxa2 59.Rdh4  1-0

[Event "35th Nezhmetdinov Cup"]
[Site "Kazan RUS"]
[Date "2013.06.05"]
[Round "6.31"]
[White "Konakov,Nikolay"]
[Black "Kozionov,Kirill"]
[Result "0-1"]
[WhiteElo "2121"]
[BlackElo "2272"]

1.e4 c5 2.Nf3 e6 3.d4 cxd4 4.Nxd4 Nc6 5.Nc3 Qc7 6.g3 a6 7.Bg2 Nf6 8.O-O Nxd4
9.Qxd4 Bc5 10.Bf4 d6 11.Qd2 h6 12.Rfd1 e5 13.Be3 Be6 14.Bxc5 dxc5 15.Qd6 Qxd6
16.Rxd6 Ke7 17.Rb6 Kd7 18.Rd1+ Kc7 19.Rbd6 Rhd8 20.Rxd8 Rxd8 21.Rxd8 Kxd8
22.f4 b5 23.a3 Kc7 24.Bf3 b4 25.axb4 cxb4 26.Nb1 Nd7 27.Kf2 a5 28.b3 f6 29.Ke3 Nb8
30.Nd2 Nc6 31.Be2 Nd4 32.Bd3 Kd6 33.Nf3 Nxf3 34.Kxf3 exf4 35.gxf4 g5 36.Ke3 Kc5
37.f5 Bd7 38.Ba6 a4 39.bxa4 Bxa4 40.Bd3 h5 41.e5 fxe5 42.f6 Kd6 43.Ke4 Ke6  0-1

[Event "6th Mayors Cup 2013"]
[Site "Mumbai IND"]
[Date "2013.06.05"]
[Round "10"]
[White "Sangma,R"]
[Black "Kunte,A"]
[Result "1-0"]
[WhiteElo "2382"]
[BlackElo "2507"]

1.e4 c5 2.Nf3 e6 3.d4 cxd4 4.Nxd4 Nc6 5.Nc3 d6 6.Be3 Nf6 7.Qd2 Be7 8.f3 O-O
9.O-O-O a6 10.g4 Nd7 11.g5 Nxd4 12.Qxd4 b5 13.Rg1 Rb8 14.f4 b4 15.Ne2 Nc5
16.Ng3 Qc7 17.f5 e5 18.Qc4 Re8 19.Nh5 Bf8 20.Nf6+ gxf6 21.gxf6+ Kh8 22.Rd2 d5
23.Rdg2 Bh6 24.Bxh6 dxc4 25.Bg7+ Kg8 26.Bf8+  1-0

[Event "Grand Europe Open Albena"]
[Site "Albena BUL"]
[Date "2013.06.06"]
[Round "6.24"]
[White "Ziaziulkina,N"]
[Black "Swapnil,SD"]
[Result "0-1"]
[WhiteElo "2330"]
[BlackElo "2469"]

1.e4 c5 2.Nf3 e6 3.d4 cxd4 4.Nxd4 Nc6 5.Nc3 Qc7 6.Be2 a6 7.Be3 Nf6 8.a3 b5
9.Nxc6 dxc6 10.f4 Bb7 11.e5 Rd8 12.Bd3 Nd7 13.Qg4 c5 14.O-O g6 15.Rad1 Be7
16.Ne4 Qc6 17.c3 Nb6 18.Nf6+ Bxf6 19.exf6 Nd7 20.Be2 Qe4 21.Bf2 h5 22.Qf3 Qxf3
23.Bxf3 Bxf3 24.gxf3 Ra8 25.Rfe1 Ra7 26.Rd6 O-O 27.Rc6 Raa8 28.Bxc5 Nxc5
29.Rxc5 Rfd8 30.Kf2 Rd6 31.Re2 Rad8 32.a4 bxa4 33.Ra5 Rb8 34.Rxa4 Rb5 35.b4 Rf5
36.Rea2 Rxf4 37.b5 Rxa4 38.Rxa4 axb5 39.Ra8+ Kh7 40.Ra7 g5 41.Rxf7+ Kg6 42.Rb7 Kxf6
43.Rxb5 Rd2+ 44.Ke3 Rxh2 45.Rb8 h4 46.Rg8 Rg2 47.Rh8 Kf5 48.c4 Rc2 49.Rf8+ Ke5
50.Rg8 Rc3+ 51.Kd2 Rxf3 52.Rxg5+ Rf5 53.Rg2 h3 54.Re2+ Kd6 55.Kd3 Rh5 56.Rh2 Ke5
57.Kc3 Rh6 58.Kd3 Rh4  0-1

[Event "French Top 12 2013"]
[Site "Haguenau FRA"]
[Date "2013.06.06"]
[Round "8.3"]
[White "Inkiov,V"]
[Black "Renet,O"]
[Result "0-1"]
[WhiteElo "2465"]
[BlackElo "2469"]

1.e4 c5 2.Nf3 e6 3.d4 cxd4 4.Nxd4 Nc6 5.Nc3 d6 6.g3 Be7 7.Bg2 Bd7 8.O-O Nf6
9.Nde2 O-O 10.h3 a6 11.g4 h6 12.Ng3 b5 13.a3 Rc8 14.f4 Na5 15.g5 hxg5 16.fxg5 Nh7
17.h4 Nc4 18.Kh1 Ne5 19.Qh5 g6 20.Qe2 f6 21.gxf6 Bxf6 22.Bh6 Bg7 23.Rxf8+ Bxf8
24.Bxf8 Qxh4+ 25.Kg1 Rxf8 26.Nf1 Ng5 27.Nh2 Qg3 28.Rf1 Nh3+ 29.Kh1 Rf2 30.Rxf2 Nxf2+
31.Kg1 Nh3+ 32.Kh1 Nf4 33.Qd2 Nc4  0-1

[Event "35th Nezhmetdinov Cup"]
[Site "Kazan RUS"]
[Date "2013.06.06"]
[Round "7.44"]
[White "Kungurov,Andrei"]
[Black "Bitkinin,L"]
[Result "0-1"]
[WhiteElo "2054"]
[BlackElo "2147"]

1.e4 c5 2.Nc3 Nc6 3.Nge2 e6 4.d4 cxd4 5.Nxd4 Qc7 6.Be3 a6 7.Be2 Nf6 8.O-O Bb4
9.Na4 Be7 10.Nxc6 bxc6 11.Nb6 Rb8 12.Nxc8 Qxc8 13.Bd4 c5 14.Be5 Rb6 15.c4 d6
16.Bc3 O-O 17.Qd3 e5 18.f4 exf4 19.Rxf4 Qe6 20.Raf1 Ne8 21.Bg4 Qh6 22.R1f3 Bf6
23.Bf5 Bxc3 24.Qxc3 g6 25.Be6 Rb7 26.Bd5 Re7 27.Qd2 Qg7 28.Rh4 Nf6 29.Bc6 Rc8
30.Bd5 Nxd5 31.Qxd5 Qxb2 32.Qxd6 Qd4+ 33.Qxd4 cxd4 34.Rd3 Rxc4 35.Rd2 f6
36.Rf4 Kg7 37.h4 g5 38.hxg5 fxg5 39.Rf5 Kg6 40.Ra5 Re6 41.Rd5 Rxe4 42.Rd6+ Kf5
43.Rxa6 Kf4 44.Kf2 h5 45.Ra3 h4 46.g3+ hxg3+ 47.Rxg3 g4 48.Rgd3 Ke5 49.Ra3 Rc3
50.Ra5+ Kf4 51.Rd5 Rf3+ 52.Kg2 Ke3 53.Rd1 Rf2+ 54.Kg3 Rxa2 55.Rf5 d3 56.Rd5 d2
57.Rh1 Rc2 58.Ra1 Rd4  0-1

[Event "FIDE World Rapid 2013"]
[Site "Khanty-Mansiysk RUS"]
[Date "2013.06.06"]
[Round "2.4"]
[White "Bologan,V"]
[Black "Rublevsky,S"]
[Result "1/2-1/2"]
[WhiteElo "2672"]
[BlackElo "2695"]

1.e4 c5 2.Nf3 e6 3.d4 cxd4 4.Nxd4 Nc6 5.Nc3 a6 6.Nxc6 bxc6 7.Bd3 Qc7 8.O-O Nf6
9.b3 d5 10.Qe2 Be7 11.Bb2 O-O 12.Na4 Bb7 13.e5 Nd7 14.c4 dxc4 15.Bxc4 Nb6
16.Nxb6 Qxb6 17.Rad1 Rad8 18.Rxd8 Rxd8 19.Rd1 a5 20.Rxd8+ Qxd8 21.Qd3 c5
22.Qxd8+ Bxd8 23.f4 h5 24.g3 g6 25.Kf2 Kf8 26.Bb5 Bd5 27.Ke3 Bb6 28.Kd3 Ke7
29.Bc3 Kd8 30.Kc2 Kc7 31.Kd3 Kd8 32.Be1 Ke7 33.Kc2 Be4+ 34.Kb2 Kd8 35.Ka3 Bb1
36.Ka4 Kc7 37.a3 Bc2 38.Bc4 Be4 39.Bxa5 Bc6+ 40.Bb5 Bd5 41.Be8 Be4 42.Bd2 Bf3
43.Bb5 Be4 44.Be8 Bf3 45.Bc3 Be4 46.Bb5 Bf3 47.Ba5 Be4 48.Be8 Bf3 49.Bb5 Be4
50.Be8  1/2-1/2

[Event "FIDE World Rapid 2013"]
[Site "Khanty-Mansiysk RUS"]
[Date "2013.06.06"]
[Round "3.9"]
[White "Najer,E"]
[Black "Andreikin,D"]
[Result "1-0"]
[WhiteElo "2633"]
[BlackElo "2713"]

1.e4 c5 2.Nf3 e6 3.d4 cxd4 4.Nxd4 Nc6 5.Nc3 d6 6.Be3 Nf6 7.f3 Be7 8.Qd2 a6
9.g4 O-O 10.O-O-O Nxd4 11.Bxd4 b5 12.g5 Nd7 13.h4 Bb7 14.a3 Rc8 15.Kb1 Ne5
16.Qe3 Nc4 17.Bxc4 Rxc4 18.Rhg1 Qe8 19.Bf6 Kh8 20.Bxe7 Qxe7 21.Rd3 Rc6 22.h5 Bc8
23.Rgd1 Rd8 24.e5 d5 25.Ne4 Bd7 26.Nd6 Be8 27.f4 Qc7 28.R1d2 Qb6 29.Qxb6 Rxb6
30.Rc3 b4 31.Rb3 a5 32.Rd4 f6 33.Nxe8 Rxe8 34.axb4 fxe5 35.fxe5 axb4 36.Rdxb4 Rxb4
37.Rxb4 Kg8 38.Rb6 Kf7 39.Rb7+ Kf8 40.h6 gxh6 41.gxh6 Rc8 42.Rxh7 Rc4 43.Rb7 Kg8
44.Re7 Rc6 45.Rd7 Rc4 46.Re7 Rc6 47.b3 Rb6 48.Kb2 Rc6 49.Rd7 Rc5 50.Re7 Rc6
51.c3 Rb6 52.Rd7 Rb5 53.b4 Rb8 54.Kb3 Kh8 55.Re7 Rb6 56.Rd7 Rb8 57.Ra7 Kg8
58.Rd7 Kh8 59.Rd6 Re8 60.b5 Kh7 61.b6 Kg6 62.b7 Kf5 63.Rb6  1-0

[Event "FIDE World Rapid 2013"]
[Site "Khanty-Mansiysk RUS"]
[Date "2013.06.06"]
[Round "4.19"]
[White "Guseinov,G"]
[Black "Kobalia,M"]
[Result "0-1"]
[WhiteElo "2631"]
[BlackElo "2651"]

1.e4 c5 2.Nf3 e6 3.d4 cxd4 4.Nxd4 Nc6 5.Nc3 a6 6.g3 d6 7.Bg2 Bd7 8.O-O Nf6
9.Be3 Be7 10.f4 O-O 11.Nb3 b5 12.a3 Rc8 13.g4 g6 14.g5 Nh5 15.Qd2 Re8 16.Rad1 Bf8
17.Qf2 b4 18.Na4 bxa3 19.bxa3 Rb8 20.Nb6 Qc7 21.c4 Bc8 22.Kh1 a5 23.Nc1 Ba6
24.Ne2 Rb7 25.Nc3 Reb8 26.Nb5 Bxb5 27.cxb5 Ne7 28.f5 Rxb6 29.Rc1 Qd8 30.fxg6 Nxg6
31.Qxf7+ Kh8 32.Rc7 Bg7 33.Bxb6 Rxb6 34.Qxe6 Rb8 35.Rfc1 Qxg5 36.Rc8+ Bf8
37.Qf5 Qh6 38.Qf2 Rxb5 39.Rf1 Nhf4 40.Qd4+ Ne5 41.Qe3 Neg6 42.Qd4+ Ne5 43.Qd2 Neg6
44.Qxd6 Kg8 45.e5 Rxe5 46.Qf6 Rh5 47.Kg1 Rg5 48.Rxf8+ Qxf8 49.Qxg5 Qxa3 50.Kh1 Qb2
51.Qd8+ Kg7 52.Qc7+ Kg8 53.Rxf4 Nxf4 54.Qxf4 Qa1+ 55.Bf1 a4 56.Kg2 Qg7+ 57.Kf2 Qf8  0-1